Normal view
MARC view
Entry Topical Term
001 - CONTROL NUMBER
- control field: 47255
003 - CONTROL NUMBER IDENTIFIER
- control field: ARRUPE
005 - DATE AND TIME OF LATEST TRANSACTION
- control field: 20190718103546.0
008 - FIXED-LENGTH DATA ELEMENTS
- fixed length control field: 190718|| aca||aabn | a|a d
040 ## - CATALOGING SOURCE
- Original cataloging agency: ARRUPE
- Transcribing agency: ARRUPE
150 ## - HEADING--TOPICAL TERM
- Topical term or geographic name as entry element: Communication
- General subdivision: Philosophy
- General subdivision: Collected works
670 ## - SOURCE DATA FOUND
- Source citation: Work cat.: (ARRUPE)25991: Habermas, Jurgen 47251, The theory of communicative action, 1983